| 000 | 00508nam a2200181Ia 4500 | ||
|---|---|---|---|
| 001 | 45540 | ||
| 008 | 140428s9999 xx 000 0 und d | ||
| 020 | _aNA | ||
| 040 | _cPK-LaUMT | ||
| 082 |
_aRHC 891.4396 _bKHA- |
||
| 100 | _aNayyar Masood | ||
| 245 |
_aKhutoot mashaaheer banaam Syed Masood Hasan Rizvi Adeeb (Urdu) _cNayyar Masood |
||
| 260 |
_aLakhno,India: _bAtr Pardesh Urdu Academy, Qaiser Bagh, _c1984 |
||
| 300 | _a492 p. | ||
| 546 | _aUR | ||
| 650 | _aPakistani literature-Urdu | ||
| 942 | _cBK | ||
| 999 |
_c43508 _d43508 |
||